|
|
|
|
| LEADER |
00000cam a2200000 a 4500 |
| 001 |
vtls012080241 |
| 003 |
SK-MaSNL |
| 005 |
20260301104442.0 |
| 008 |
240226s2021 xo f np 000 0 slo |
| 015 |
|
|
|a SNBA
|
| 020 |
|
|
|a 9788055223247
|q (brožované)
|
| 040 |
|
|
|a SNK
|b slo
|c SNK
|e rda
|
| 041 |
0 |
|
|a slo
|
| 044 |
|
|
|a xo
|c SK
|
| 072 |
|
7 |
|a 341
|x Medzinárodné právo
|2 konspekt
|
| 080 |
|
|
|a 341.1/.8
|2 2011
|
| 080 |
|
|
|a 341.9
|2 2011
|
| 080 |
|
|
|a (075.8)
|2 2011
|
| 100 |
1 |
|
|a Marišová, Eleonóra,
|d 1962-
|4 aut
|9 193301
|
| 245 |
1 |
0 |
|a Medzinárodné právo verejné a súkromné
|c Eleonóra Marišová, Kristián Čechmánek
|
| 250 |
|
|
|a Prvé vydanie
|
| 264 |
|
1 |
|a V Nitre
|b Vydavateľstvo SPU
|c 2021
|
| 300 |
|
|
|a 166 strán
|c 29 cm
|
| 366 |
|
|
|e 200 kusov
|
| 500 |
|
|
|a Vydala Slovenská poľnohospodárska univerzita vo Vydavateľstve SPU
|
| 504 |
|
|
|a Obsahuje bibliografické odkazy
|
| 521 |
3 |
|
|a Pre študentov SPU
|
| 650 |
0 |
7 |
|a medzinárodné právo verejné
|2 SNKPH
|9 2240
|
| 650 |
0 |
7 |
|a medzinárodné právo súkromné
|2 SNKPH
|9 2238
|
| 650 |
0 |
7 |
|a international law, public
|2 SNKPHeng
|9 336819
|
| 650 |
0 |
7 |
|a International law, privat
|2 SNKPHeng
|9 300194
|
| 655 |
|
7 |
|a učebnice vysokých škôl
|2 SNKPH
|9 70191
|
| 655 |
|
7 |
|a Taxtbooks (higher)
|2 SNKPHeng
|9 443217
|
| 700 |
1 |
|
|a Čechmánek, Kristián,
|d 1987-
|4 aut
|9 193307
|
| 710 |
2 |
|
|a Slovenská poľnohospodárska univerzita v Nitre.
|b Fakulta európskych štúdií a regionálneho rozvoja
|4 pbl
|9 124536
|
| 752 |
|
|
|a Slovensko
|d Nitra
|
| 919 |
|
|
|a 978-80-552-2324-7
|
| 954 |
|
|
|a odborná, vedecká literatúra pôvodná (slovenská)
|2 lita
|
| 999 |
|
|
|c 698136
|d 700066
|
| 952 |
|
|
|a SNK
|b SNK
|y VYP
|7 0
|p 17A1515776
|o snkSB 97794 D1
|i snk2022/17773
|8 3
|g 3.41
|0 0
|1 0
|4 0
|d 2022-11-29
|l 1
|r 2026-03-13 14:27:15
|s 2026-03-11
|w 2026-02-23
|
| 952 |
|
|
|a SNK
|b SNK
|y PREZ
|7 0
|p 17A1479831
|o snkSB 97794
|i snk2022/3479
|8 0
|0 0
|1 0
|4 0
|d 2022-03-07
|f 1
|l 0
|r 2025-05-16 00:00:00
|w 2026-02-23
|